00379nam a2200133Ia 4500008004100000020001500041041001200056082001100068100001800079245008100097260004400178300000800222650001500230221030s9999 xx 000 0 und d a8131403645 aEnglish a105.23 aS. R. Kandula 0aHuman Resource Management & Organisation Development - Practitioner Readings bICFAI University PressaHyderabadc2006 a208 aManagement